Bhāsa / (Record no. 179149)

MARC details
000 -LEADER
fixed length control field 00773nam a22002297a 4500
005 - DATE AND TIME OF LATEST TRANSACTION
control field 20210524162356.0
010 ## - LCCN (DPL NO)
LC control number B-739934
020 ## - INTERNATIONAL STANDARD BOOK NUMBER
International Standard Book Number 9788172016753
Terms of availability 100.00
035 ## - SYSTEM CONTROL NUMBER
System control number B-739934
037 ## - SOURCE OF ACQUISITION
Source of stock number/acquisition Gift
082 ## - DEWEY DECIMAL CLASSIFICATION NUMBER
Classification number 812.08
100 ## - MAIN ENTRY--PERSONAL NAME
Personal name Venkatachalam, V.
245 ## - TITLE STATEMENT
Title Bhāsa /
Statement of responsibility, etc by V. Venkatachalam
260 ## - PUBLICATION, DISTRIBUTION, ETC. (IMPRINT)
Place of publication, distribution, etc New Delhi
Name of publisher, distributor, etc Sahitya Akadem
Date of publication, distribution, etc 2017
270 ## - ADDRESS
City New Delhi
Address Rabindra Bhawan, 35, ferozshah Road
Postal code 110001
300 ## - PHYSICAL DESCRIPTION
Extent xiv, 178p.
Dimensions 22cm(pbk)
500 ## - GENERAL NOTE
General note Includes bibliographical references and index<br/>
650 ## - SUBJECT ADDED ENTRY--TOPICAL TERM
Topical term or geographic name as entry element Bhāsa -- Criticism and interpretation
650 ## - SUBJECT ADDED ENTRY--TOPICAL TERM
Topical term or geographic name as entry element Bhāsa -- Criticism -- and -- interpretation
942 ## - ADDED ENTRY ELEMENTS (KOHA)
Source of classification or shelving scheme Dewey Decimal Classification
Item type English Books
Classification part 812.08
Call number suffix VEN
Holdings
Withdrawn status Lost status Not for loan Collection code Home library Current library Date acquired Source of acquisition Cost, normal purchase price Full call number Barcode Copy number Cost, replacement price Koha item type Public note
      Non-fiction Ashok Vihar Ashok Vihar 24/05/2021 Gift/Eng/03-05-2021 100.00 812.08 VEN B-739934 1 100.00 English Books Gift

© Delhi Public Library
Hit Counter
free hit counter